00374nam a2200145Ia 450000100060000000800410000602000180004704000130006508200210007810000200009924500820011926000090020130000110021054600070022114154140402s9999 xx 000 0 und d a0-412-34590-0 cPK-LaUMT a 305.9362bBUR-T aBurnard, Philip aTeaching interpersonal skills : A handbook of experiential lcBurnard, Philip c1989 a190 p. aEN